000 01433cam a2200349 i 4500
001 41793
003 Mx-PuUPA
005 20250318085719.0
008 140415s2020 mx gr 000 e spa d
020 _a9788413366937
040 _aMx-PuUPA
_bspa
_cMx-PuUPA
_dMx-PuUPA
_erda
041 0 _aspa
110 2 _aCentro de Ética Judicial
_eautor
245 0 _aRazones para decidir :
_bensayos como referente en la labor jurisdiccional. Segunda parte/
_cCentro de Ética Judicial ; Federica Dalla Pria, Mélida Díaz Vizcarra, Teresita Lara Enríquez [y otros dos] ; colaboración especial de Javier Saldaña Serrano
246 3 _aEnsayos como referente en la labor jurisdiccional.
264 1 _aCiudad de México :
_bTirant Lo Blanch,
_c©2020
300 _a213 páginas ;
_c21 cm
336 _2rdacontent
_atexto
_btxt
337 _2rdamedia
_asin medio
_bn
338 _2rdacarrier
_avolumen
_bnc
650 7 _913986
_2armarc
_aJurisprudencia
_zMéxico
_vEnsayos
650 7 _2armarc
_aDerecho y sociedad
_zMéxico
700 1 _aDalla Pria, Federica,
_eautor
_916719
700 1 _aDíaz Vizcarra, Mélida,
_eautor
700 1 _aLara Enríquez, Teresita,
_eautor
700 1 _aSaldaña Serrano, Javier,
_ecolaborador
942 _2ddc
_cLI
_h348.721
_iR278
999 _c41793
_d41793